000 00550nam a2200217Ia 4500
005 20250425162017.0
008 250425s9999 xx 000 0 und d
041 _aspa
082 _a657
100 _aOROZCO CADENA, JOSE
245 0 _aCONTABILIDAD GENERAL:TEORIA Y PRACTICA APLICADA A LA LEGISLACION.
250 _a2A ED.
260 _aEcuador
_bEMANUEL EDITORES
_c1997
260 _aQUITO
300 _a548
650 _aADMINISTRACION
650 _aCOMERCIO INTERNACIONAL
650 _aCONTABILIDAD
942 _c01
010 _a40380
999 _c220577
_d220577